Statistics for Disney princesses quiz

Click here to take the quiz!

General Stats

  • This quiz has been taken 33 times
  • The average score is 12 of 14

Answer Stats

Answer% Correct
Cinderella
97%
SnowWhite
97%
Anna
90%
Ariel
90%
Elsa
90%
Jasmine
90%
Belle
87%
Moana
87%
Pocahontas
87%
Rapunzel
87%
Aurora
83%
Mulan
83%
Tiana
83%
Merida
77%

Score Distribution

Percentile by Number Answered

Percent of People with Each Score

Your Score History

You have not taken this quiz